000 00283nam a22001337a 4500
008 170401b xxu||||| |||| 00| 0 eng d
020 _a9780470118573
041 _aeng
080 _27TH
_a574
100 _a8
101 _aSHM
245 _aENVIRONMENT
_cRAVEN, P.H
942 _2udc
_cBK
999 _c9396
_d9396